| 000 | 00398pab a2200157 454500 | ||
|---|---|---|---|
| 008 | 180718b1998 xxu||||| |||| 00| 0 eng d | ||
| 100 | _aSeetharamu, A.S. | ||
| 245 | _aNeed for systemic changes: judiciary for the twenty-first century | ||
| 260 | _c1998 | ||
| 300 | _ap.8 | ||
| 362 | _a13 Nov | ||
| 650 | _aJudiciary - India | ||
| 650 | _aJudiciary | ||
| 773 | _aDeccan Herald | ||
| 909 | _a40224 | ||
| 999 |
_c40224 _d40224 |
||